[Event "BI-2012-P-00018"]
[Site "LSS email"]
[Date "2012.04.20"]
[Round "?"]
[White "Liamtsau, Valery"]
[Black "Manheimer, Gunter"]
[Result "1-0"]
[WhiteElo "2227"]
[BlackElo "2031"]
[PlyCount "55"]
[EventDate "2012.04.22"]
[EventType "tourn (corr)"]
[EventRounds "10"]
[EventCountry "GER"]
[SourceTitle "Telechess CBM 153"]
[Source "ChessBase"]
[SourceDate "2013.03.14"]
[SourceVersion "1"]
[SourceVersionDate "2013.03.14"]
[SourceQuality "1"]

1. e4 e6 2. d4 d5 3. Nc3 Nf6 4. Bg5 dxe4 5. Nxe4 Be7 6. Bxf6 gxf6 7. Nf3 f5 8. Nc3 a6 9. g3 b5 10. Bg2 Bb7 11. 0-0 0-0 12. Ne5 Bxg2 13. Kxg2 Qd6 14. Qf3 Ra7 15. Rfe1 Qxd4 16. Rad1 Qc5 17. g4 Bd6 18. b4 Qxb4 19. gxf5 Qh4 20. Re4 Qf6 21. Ng4 Qh4 22. Qe3 Kh8 23. Qxa7 exf5 24. Rxd6 cxd6 25. Qd4+ f6 26. Nxf6 Qxf6 27. Qxf6+ Rxf6 28. Re8+ 1-0

[Event "BI-2012-P-00018"]
[Site "LSS email"]
[Date "2012.04.20"]
[Round "?"]
[White "Manheimer, Gunter"]
[Black "Adair, James"]
[Result "1-0"]
[WhiteElo "2031"]
[BlackElo "1139"]
[PlyCount "37"]
[EventDate "2012.04.22"]
[EventType "tourn (corr)"]
[EventRounds "10"]
[EventCountry "GER"]
[SourceTitle "Telechess CBM 153"]
[Source "ChessBase"]
[SourceDate "2013.03.14"]
[SourceVersion "1"]
[SourceVersionDate "2013.03.14"]
[SourceQuality "1"]

1. d4 Nf6 2. c4 g6 3. Nc3 d5 4. cxd5 Nxd5 5. e4 Nxc3 6. bxc3 Bg7 7. Nf3 c5 8. Rb1 0-0 9. Be2 Nc6 10. d5 Ne5 11. Nxe5 Bxe5 12. Qd2 e6 13. f4 Bc7 14. 0-0 exd5 15. exd5 Ba5 16. d6 Rb8 17. Ba3 Bf5 18. Rbd1 b6 19. h3 1-0

[Event "OP-2012-0-02094"]
[Site "LSS email"]
[Date "2012.03.06"]
[Round "?"]
[White "Manheimer, Gunter"]
[Black "Belter, Edmund"]
[Result "1-0"]
[WhiteElo "2023"]
[BlackElo "1341"]
[PlyCount "65"]
[EventDate "2012.03.01"]
[EventType "tourn (corr)"]
[EventRounds "4"]
[EventCountry "GER"]
[SourceTitle "Telechess CBM 155"]
[Source "ChessBase"]
[SourceDate "2013.07.16"]
[SourceVersion "1"]
[SourceVersionDate "2013.07.16"]
[SourceQuality "1"]

1. Nc3 Nf6 2. e4 e5 3. Nf3 Nc6 4. Bc4 Bc5 5. 0-0 d6 6. d3 Bg4 7. h3 Bxf3 8. Qxf3 Qd7 9. Qg3 Rg8 10. Bb5 d5 11. exd5 Nxd5 12. Bxc6 Qxc6 13. Qxe5+ Ne7 14. Ne4 Bb6 15. Re1 Qe6 16. Qxe6 fxe6 17. Ng5 Kd7 18. Nxh7 Nc6 19. c3 Rh8 20. Ng5 Raf8 21. Be3 e5 22. Nf3 Bxe3 23. Rxe3 Rf5 24. b4 a6 25. a4 Kd6 26. Rae1 b5 27. Nd2 Kd5 28. Rg3 g5 29. axb5 axb5 30. Ne4 Rg8 31. h4 g4 32. f3 Ke6 33. Rxg4 1-0

[Event "OP-2012-0-02094"]
[Site "LSS email"]
[Date "2012.03.06"]
[Round "?"]
[White "Manheimer, Gunter"]
[Black "Lauer, Fredric"]
[Result "1-0"]
[WhiteElo "2023"]
[BlackElo "1106"]
[PlyCount "33"]
[EventDate "2012.03.01"]
[EventType "tourn (corr)"]
[EventRounds "4"]
[EventCountry "GER"]
[SourceTitle "Corr 2015"]
[Source "ChessBase"]
[SourceDate "2015.07.17"]
[SourceVersion "1"]
[SourceVersionDate "2015.07.17"]
[SourceQuality "1"]

1. e4 c5 2. Nf3 d6 3. d4 cxd4 4. Nxd4 Nf6 5. Nc3 g6 6. Be3 Bg7 7. f3 Nc6 8. Qd2 0-0 9. 0-0-0 d5 10. Kb1 Nxd4 11. e5 Nxf3 12. gxf3 Nd7 13. Nxd5 Bxe5 14. Bh3 e6 15. Bg5 Nf6 16. Nxf6+ Bxf6 17. Qxd8 1-0

[Event "SA-2011-0-00196"]
[Site "LSS email"]
[Date "2011.06.06"]
[Round "?"]
[White "Meissner, Ruediger"]
[Black "Manheimer, Gunter"]
[Result "0-1"]
[WhiteElo "2135"]
[BlackElo "2019"]
[PlyCount "122"]
[EventDate "2011.05.05"]
[EventType "tourn (corr)"]
[EventRounds "6"]
[EventCountry "GER"]
[SourceTitle "Corr 2015"]
[Source "ChessBase"]
[SourceDate "2015.07.17"]
[SourceVersion "1"]
[SourceVersionDate "2015.07.17"]
[SourceQuality "1"]

1. e4 e5 2. Nf3 Nc6 3. Bb5 a6 4. Ba4 Nf6 5. 0-0 Be7 6. Qe2 b5 7. Bb3 0-0 8. c3 d6 9. h3 h6 10. d4 Bb7 11. Rd1 exd4 12. cxd4 Re8 13. d5 Na5 14. Bc2 Bf8 15. b4 Nc4 16. Nc3 c6 17. dxc6 Bxc6 18. a4 Rc8 19. axb5 axb5 20. Nd2 Bd7 21. Ra2 Be6 22. Nb3 d5 23. Nxb5 Qb6 24. N5d4 Nxe4 25. Bxe4 Bd7 26. Qh5 dxe4 27. Qd5 Red8 28. Qxe4 Qxb4 29. Qe1 Qb6 30. Bf4 g6 31. Rda1 Bg7 32. Ra6 Qb7 33. Ra7 Qd5 34. Rd1 Bc6 35. f3 Nb2 36. Rd2 Ba4 37. Qe7 Re8 38. Qb7 Qc4 39. Bg3 Rcd8 40. Kh2 Rd7 41. Qxd7 Bxd7 42. Rxd7 Qa4 43. Nc5 Qb4 44. Ndb3 Be5 45. Bxe5 Rxe5 46. Rxb2 Rxc5 47. Nxc5 Qxb2 48. Rd8+ Kg7 49. Nd3 Qb3 50. Rd4 g5 51. f4 Qc3 52. Rd7 Qd2 53. fxg5 hxg5 54. Rd5 f6 55. Rd4 Qe3 56. Rd5 Qe4 57. Rd7+ Kf8 58. Rd6 f5 59. Rd7 f4 60. Nc5 Qf5 61. Rc7 Kg8 0-1

[Event "WC-2015-P-00011"]
[Site "LSS email"]
[Date "2011.02.20"]
[Round "?"]
[White "De Waele, Willy"]
[Black "Manheimer, Gunter"]
[Result "1/2-1/2"]
[WhiteElo "1990"]
[BlackElo "2016"]
[PlyCount "90"]
[EventDate "2011.02.24"]
[EventType "tourn (corr)"]
[EventRounds "6"]
[EventCountry "GER"]
[SourceTitle "Telechess CBM 153"]
[Source "ChessBase"]
[SourceDate "2013.03.14"]
[SourceVersion "1"]
[SourceVersionDate "2013.03.14"]
[SourceQuality "1"]

1. e4 e6 2. d4 d5 3. Nc3 Bb4 4. e5 c5 5. Qg4 Ne7 6. dxc5 Nbc6 7. Bd2 0-0 8. Nf3 f5 9. exf6 Rxf6 10. 0-0-0 e5 11. Qh5 Rf5 12. Qh4 Qf8 13. Qg3 Kh8 14. Be1 e4 15. Nh4 Rf6 16. Bb5 Bxc5 17. Nxd5 Bd6 18. Qg5 Nxd5 19. Qxd5 Bg4 20. f3 Bf4+ 21. Bd2 e3 22. fxg4 Rd8 23. Qc4 Rd4 24. Qe2 Rxd2 25. Rxd2 exd2+ 26. Kd1 Nd4 27. Qc4 Nxb5 28. Nf5 Bg5 29. h4 Rc6 30. Qxb5 Rb6 31. Qe5 Bf6 32. Qc7 Rxb2 33. Kxd2 Rb5 34. Ne3 Re5 35. g5 Re7 36. Qd6 Bc3+ 37. Kc1 Be5 38. Qa3 Bf4 39. Rh3 Qe8 40. Kd2 h6 41. gxh6 Bxh6 42. Rf3 a6 43. Ke2 Bxe3 44. Rxe3 Rxe3+ 45. Qxe3 Qc6 1/2-1/2

[Event "WC-2015-P-00011"]
[Site "LSS email"]
[Date "2011.02.20"]
[Round "?"]
[White "Manheimer, Gunter"]
[Black "Lingen, Rainer"]
[Result "0-1"]
[WhiteElo "2016"]
[BlackElo "1881"]
[PlyCount "116"]
[EventDate "2011.02.24"]
[EventType "tourn (corr)"]
[EventRounds "6"]
[EventCountry "GER"]
[SourceTitle "Telechess CBM 153"]
[Source "ChessBase"]
[SourceDate "2013.03.14"]
[SourceVersion "1"]
[SourceVersionDate "2013.03.14"]
[SourceQuality "1"]

1. d4 d5 2. c4 e6 3. Nc3 Be7 4. cxd5 exd5 5. Bf4 c6 6. e3 Bf5 7. Bd3 Bxd3 8. Qxd3 Nf6 9. Nf3 0-0 10. 0-0 Re8 11. a3 Bd6 12. Rae1 Ne4 13. Qc2 Bxf4 14. exf4 Nd6 15. Rxe8+ Qxe8 16. Re1 Qf8 17. Na4 Nd7 18. Nc5 Nb6 19. a4 Re8 20. Rc1 Re7 21. b3 Nd7 22. Ne5 Nb8 23. Qc3 f6 24. Nf3 Qe8 25. h3 Nd7 26. Qb4 Kf7 27. g3 g6 28. Nd3 Qb8 29. h4 h5 30. a5 a6 31. Re1 Re4 32. Nde5+ fxe5 33. Ng5+ Kg8 34. Nxe4 Nxe4 35. dxe5 Ndc5 36. Re2 Ne6 37. Qe7 Qc8 38. Re3 N4c5 39. b4 Ne4 40. Kg2 Nd2 41. Rd3 Nc4 42. Rc3 Nd4 43. Rc1 Nf5 44. Qf6 Qe8 45. e6 Ncd6 46. f3 Kh7 47. Re1 Qe7 48. Qg5 Qxg5 49. fxg5 Kg8 50. g4 Ng7 51. Kg3 Kf8 52. e7+ Ke8 53. Re5 Kd7 54. Kf2 Nde8 55. Re3 Ne6 56. Re5 N8g7 57. e8N Nxe8 58. Kg3 N6g7 0-1

[Event "LSS RB-2010-0-00101"]
[Site "LSS email"]
[Date "2010.12.22"]
[Round "?"]
[White "Manheimer, Gunter"]
[Black "Flores, Luis"]
[Result "1/2-1/2"]
[WhiteElo "1886"]
[BlackElo "1967"]
[PlyCount "71"]
[EventDate "2010.10.13"]
[EventType "tourn (corr)"]
[EventRounds "6"]
[EventCountry "GER"]
[SourceTitle "Telechess CBM 145"]
[Source "Chessbase"]
[SourceDate "2011.11.11"]
[SourceVersion "1"]
[SourceVersionDate "2011.11.11"]
[SourceQuality "1"]

1. d4 Nf6 2. c4 e6 3. Nf3 b6 4. g3 Bb7 5. Bg2 Bb4+ 6. Bd2 a5 7. 0-0 0-0 8. Bf4 Be7 9. Nc3 Ne4 10. Nb5 Na6 11. a3 d5 12. Qc2 c6 13. Nc3 g5 14. Be3 Nd6 15. cxd5 cxd5 16. Qc1 f6 17. h4 g4 18. Ne1 Nf5 19. Nc2 Qd7 20. Bf4 Nc7 21. Qd2 Ne8 22. Ne3 Nxe3 23. Bxe3 Nd6 24. Bh6 Rfc8 25. Qf4 f5 26. Qe5 Ne8 27. Rac1 Bf6 28. Qe3 Nd6 29. Na4 Bd8 30. b3 Nb5 31. Bg5 Qd6 32. Bf4 Qd7 33. f3 gxf3 34. Bxf3 Rxc1 35. Rxc1 Rc8 36. Rxc8 1/2-1/2

[Event "LSS RB-2010-0-00101"]
[Site "LSS email"]
[Date "2010.12.22"]
[Round "?"]
[White "Morcin, Tom"]
[Black "Manheimer, Gunter"]
[Result "1/2-1/2"]
[WhiteElo "1900"]
[BlackElo "1886"]
[PlyCount "35"]
[EventDate "2010.10.13"]
[EventType "tourn (corr)"]
[EventRounds "6"]
[EventCountry "GER"]
[SourceTitle "Telechess CBM 145"]
[Source "Chessbase"]
[SourceDate "2011.11.11"]
[SourceVersion "1"]
[SourceVersionDate "2011.11.11"]
[SourceQuality "1"]

1. d4 Nf6 2. c4 e6 3. Nc3 d5 4. Nf3 Be7 5. Bf4 0-0 6. e3 Nbd7 7. c5 Nh5 8. Bd3 Nxf4 9. exf4 b6 10. b4 a5 11. a3 c6 12. 0-0 Qc7 13. g3 Ba6 14. Bxa6 Rxa6 15. Qe2 Raa8 16. Kg2 Bf6 17. Qd3 Rfb8 18. Rfb1 1/2-1/2

[Event "LSS SB-2010-0-00124"]
[Site "LSS email"]
[Date "2010.12.20"]
[Round "?"]
[White "Herzog, Klaus"]
[Black "Manheimer, Gunter"]
[Result "0-1"]
[WhiteElo "1791"]
[BlackElo "1967"]
[PlyCount "74"]
[EventDate "2010.11.25"]
[EventType "tourn (corr)"]
[EventRounds "6"]
[EventCountry "GER"]
[SourceTitle "Telechess CBM 149"]
[Source "ChessBase"]
[SourceDate "2012.07.17"]
[SourceVersion "1"]
[SourceVersionDate "2012.07.17"]
[SourceQuality "1"]

1. e4 e5 2. Nf3 Nc6 3. d4 exd4 4. Bc4 Bc5 5. c3 Nf6 6. cxd4 Bb4+ 7. Nc3 Nxe4 8. 0-0 Bxc3 9. d5 Ne5 10. Qe2 0-0 11. bxc3 Nxf3+ 12. Qxf3 Re8 13. Bf4 d6 14. Rae1 Nc5 15. Be3 b6 16. Bd4 Rxe1 17. Rxe1 Bd7 18. Qg3 Qf8 19. h4 Re8 20. Rxe8 Bxe8 21. h5 h6 22. Be2 f6 23. Qe3 Bd7 24. Kh2 Qe8 25. Qxe8+ Bxe8 26. Kg3 Kf8 27. Kg4 Ke7 28. c4 c6 29. a3 cxd5 30. cxd5 Bf7 31. Bc4 a6 32. Ba2 b5 33. Bxc5 dxc5 34. d6+ Kxd6 35. Bxf7 Ke5 36. Kf3 Kd4 37. Be6 Kc3 0-1

[Event "LSS SB-2010-0-00124"]
[Site "LSS email"]
[Date "2010.12.20"]
[Round "?"]
[White "Manheimer, Gunter"]
[Black "Avellan, Gerardo"]
[Result "1/2-1/2"]
[WhiteElo "1967"]
[BlackElo "2073"]
[PlyCount "49"]
[EventDate "2010.11.25"]
[EventType "tourn (corr)"]
[EventRounds "6"]
[EventCountry "GER"]
[SourceTitle "Telechess CBM 149"]
[Source "ChessBase"]
[SourceDate "2012.07.17"]
[SourceVersion "1"]
[SourceVersionDate "2012.07.17"]
[SourceQuality "1"]

1. d4 Nf6 2. c4 e6 3. Nf3 Nc6 4. Nc3 Bb4 5. e3 Bxc3+ 6. bxc3 Qe7 7. Be2 0-0 8. 0-0 b6 9. Qc2 Bb7 10. e4 d6 11. Re1 e5 12. Rb1 Na5 13. Bd3 Rfe8 14. Bg5 h6 15. Bh4 c5 16. d5 Kh8 17. Nd2 Rg8 18. Qd1 g5 19. Bg3 Bc8 20. Qe2 Bg4 21. Qe3 Bh5 22. f3 Bg6 23. Bf2 Nh5 24. g3 Raf8 25. Kh1 1/2-1/2

[Event "LSS SB-2010-0-00124"]
[Site "LSS email"]
[Date "2010.12.20"]
[Round "?"]
[White "Manheimer, Gunter"]
[Black "Vasilyev, Eugene"]
[Result "1-0"]
[WhiteElo "1967"]
[BlackElo "1800"]
[PlyCount "51"]
[EventDate "2010.11.25"]
[EventType "tourn (corr)"]
[EventRounds "6"]
[EventCountry "GER"]
[SourceTitle "Telechess CBM 149"]
[Source "ChessBase"]
[SourceDate "2012.07.17"]
[SourceVersion "1"]
[SourceVersionDate "2012.07.17"]
[SourceQuality "1"]

1. d4 Nf6 2. c4 g6 3. Nc3 d5 4. Nf3 Bg7 5. cxd5 Nxd5 6. e4 Nxc3 7. bxc3 c5 8. Rb1 0-0 9. Be2 Nc6 10. d5 Ne5 11. Nxe5 Bxe5 12. Qd2 e6 13. f4 Bc7 14. 0-0 exd5 15. exd5 Ba5 16. d6 b6 17. Bb2 Bf5 18. Rbd1 Qd7 19. a4 Qxa4 20. Bd3 Bxd3 21. Qxd3 Qb3 22. Qd2 f5 23. Rfe1 b5 24. d7 Rad8 25. Re7 Qc4 26. Qd6 1-0

[Event "LSS SB-2010-0-00120"]
[Site "LSS email"]
[Date "2010.11.26"]
[Round "?"]
[White "Manheimer, Gunter"]
[Black "Bujdak, Pavol"]
[Result "1-0"]
[WhiteElo "1967"]
[BlackElo "1798"]
[PlyCount "57"]
[EventDate "2010.10.31"]
[EventType "tourn (corr)"]
[EventRounds "6"]
[EventCountry "GER"]
[SourceTitle "Telechess CBM 149"]
[Source "ChessBase"]
[SourceDate "2012.07.17"]
[SourceVersion "1"]
[SourceVersionDate "2012.07.17"]
[SourceQuality "1"]

1. d4 Nf6 2. c4 g6 3. Nc3 d5 4. cxd5 Nxd5 5. e4 Nxc3 6. bxc3 Bg7 7. Nf3 c5 8. Rb1 0-0 9. Be2 Nc6 10. d5 Ne5 11. Nxe5 Bxe5 12. Qd2 e6 13. f4 Bc7 14. 0-0 exd5 15. exd5 Ba5 16. d6 Rb8 17. Ba3 Bf5 18. Rbd1 b6 19. h3 Qf6 20. Bb2 b5 21. c4 Qd8 22. Qc1 Re8 23. Be5 a6 24. Bf3 Bd7 25. Bd5 Rb6 26. Ba1 bxc4 27. f5 g5 28. f6 h6 29. h4 1-0

[Event "LSS SB-2010-0-00120"]
[Site "LSS email"]
[Date "2010.11.26"]
[Round "?"]
[White "Manheimer, Gunter"]
[Black "Hillebrand, Carsten"]
[Result "1-0"]
[WhiteElo "1967"]
[BlackElo "1669"]
[PlyCount "37"]
[EventDate "2010.10.31"]
[EventType "tourn (corr)"]
[EventRounds "6"]
[EventCountry "GER"]
[SourceTitle "Telechess CBM 149"]
[Source "ChessBase"]
[SourceDate "2012.07.17"]
[SourceVersion "1"]
[SourceVersionDate "2012.07.17"]
[SourceQuality "1"]

1. d4 Nf6 2. c4 g6 3. Nc3 Bg7 4. e4 d6 5. Nf3 0-0 6. Be2 e5 7. 0-0 Nc6 8. d5 Ne7 9. b4 Nh5 10. Re1 a5 11. b5 b6 12. h3 Kh8 13. Bd3 Nf6 14. Bc2 Nd7 15. Bg5 f6 16. Be3 Rf7 17. Qd2 Qf8 18. Rad1 Ng8 19. a3 1-0

[Event "LSS RB-2010-0-00099"]
[Site "LSS email"]
[Date "2010.11.02"]
[Round "?"]
[White "Manheimer, Gunter"]
[Black "Morcin, Tom"]
[Result "1-0"]
[WhiteElo "1831"]
[BlackElo "1810"]
[PlyCount "73"]
[EventDate "2010.09.09"]
[EventType "tourn (corr)"]
[EventRounds "6"]
[EventCountry "GER"]
[SourceTitle "Telechess CBM 143"]
[Source "ChessBase"]
[SourceDate "2011.07.15"]
[SourceVersion "1"]
[SourceVersionDate "2011.07.15"]
[SourceQuality "1"]

1. d4 Nf6 2. c4 e6 3. Nf3 d5 4. Nc3 c6 5. e3 Nbd7 6. Bd3 dxc4 7. Bxc4 b5 8. Bd3 Bd6 9. 0-0 0-0 10. a3 Bb7 11. Qc2 a6 12. Ng5 g6 13. Nce4 Be7 14. b4 a5 15. Nc5 Qc7 16. Ngxe6 fxe6 17. Nxe6 Qd6 18. Nxf8 Nxf8 19. Bd2 a4 20. f4 Ne6 21. Rae1 Rf8 22. Bc3 Rf7 23. Rf3 Nd5 24. Bb2 Bh4 25. Ref1 Qd8 26. Bc1 Rf8 27. Rh3 Be7 28. Rg3 Ng7 29. f5 Bh4 30. Rgf3 g5 31. e4 g4 32. R3f2 Bxf2+ 33. Rxf2 Nc7 34. e5 Qh4 35. f6 Nge6 36. Bf5 Rf7 37. Qe4 1-0

[Event "CP-2010-P-00014"]
[Site "LSS email"]
[Date "2010.09.28"]
[Round "?"]
[White "Manheimer, Gunter"]
[Black "Steinert, Martin"]
[Result "1-0"]
[WhiteElo "1807"]
[BlackElo "1594"]
[PlyCount "67"]
[EventDate "2010.10.01"]
[EventType "tourn (corr)"]
[EventRounds "6"]
[EventCountry "GER"]
[SourceTitle "Telechess CBM 143"]
[Source "ChessBase"]
[SourceDate "2011.07.15"]
[SourceVersion "1"]
[SourceVersionDate "2011.07.15"]
[SourceQuality "1"]

1. d4 Nf6 2. c4 e6 3. Nf3 b6 4. g3 Bb7 5. Bg2 c5 6. dxc5 Bxc5 7. 0-0 0-0 8. Nc3 d5 9. cxd5 Nxd5 10. Bg5 f6 11. Bd2 Nxc3 12. Bxc3 Qe7 13. Qa4 a5 14. Rfd1 Nc6 15. Nd2 Nb4 16. Bxb7 Qxb7 17. Nb3 Nd5 18. Nxc5 Nxc3 19. bxc3 bxc5 20. Rab1 Qa6 21. Rd7 Kh8 22. Rbb7 Rg8 23. Qe4 e5 24. a4 Rad8 25. Ra7 Qe6 26. Rxd8 Rxd8 27. Rxa5 Qc8 28. Kg2 g6 29. Ra7 Qb8 30. Qh4 Qxa7 31. Qxf6+ Kg8 32. Qxd8+ Kg7 33. a5 Qb7+ 34. f3 1-0

[Event "OP-2010-0-01263"]
[Site "LSS email"]
[Date "2010.09.15"]
[Round "?"]
[White "Milde, Lars"]
[Black "Manheimer, Gunter"]
[Result "1/2-1/2"]
[WhiteElo "1790"]
[BlackElo "1806"]
[PlyCount "68"]
[EventDate "2010.09.09"]
[EventType "tourn (corr)"]
[EventRounds "4"]
[EventCountry "GER"]
[SourceTitle "Telechess CBM 143"]
[Source "ChessBase"]
[SourceDate "2011.07.15"]
[SourceVersion "1"]
[SourceVersionDate "2011.07.15"]
[SourceQuality "1"]

1. e4 c5 2. Nf3 d6 3. d4 cxd4 4. Nxd4 Nf6 5. Nc3 a6 6. Bc4 e6 7. Bb3 Nbd7 8. f4 Nc5 9. Qf3 Be7 10. Be3 0-0 11. 0-0 Qc7 12. Rae1 b5 13. a3 Rb8 14. e5 Bb7 15. exf6 Bxf3 16. fxe7 Qxe7 17. Rxf3 Qd7 18. f5 Nxb3 19. Nxb3 Rfe8 20. f6 g6 21. Rd1 d5 22. Nc5 Qc6 23. Nd3 a5 24. Ne5 Qc7 25. Bf4 Qc5+ 26. Kh1 Rb7 27. Rc1 Rc8 28. Ne2 b4 29. axb4 axb4 30. Nd3 Qb6 31. Be3 Qd6 32. Bf4 Qd8 33. Be5 h5 34. b3 Qf8 1/2-1/2

[Event "LSS RC-2010-0-00050"]
[Site "LSS email"]
[Date "2010.09.07"]
[Round "?"]
[White "Manheimer, Gunter"]
[Black "Turoczi, Peter"]
[Result "1-0"]
[WhiteElo "1814"]
[BlackElo "1719"]
[PlyCount "61"]
[EventDate "2010.05.21"]
[EventType "tourn (corr)"]
[EventRounds "6"]
[EventCountry "GER"]
[SourceTitle "Telechess CBM 141"]
[Source "ChessBase"]
[SourceDate "2011.03.17"]
[SourceVersion "1"]
[SourceVersionDate "2011.03.17"]
[SourceQuality "1"]

1. e4 e6 2. d4 d5 3. Nd2 Nf6 4. e5 Nfd7 5. c3 c5 6. Bd3 cxd4 7. cxd4 Nc6 8. Ne2 Be7 9. 0-0 Nb4 10. Bb1 Nc6 11. Qb3 f6 12. exf6 Nxf6 13. Nf3 Qb6 14. Qd3 0-0 15. a3 Bd7 16. Re1 Rac8 17. Ng5 e5 18. Ba2 g6 19. Be3 Kg7 20. dxe5 Nxe5 21. Qd2 Bc5 22. Nd4 Qd6 23. b4 Bb6 24. h3 Nc4 25. Bxc4 Bxd4 26. Bxd4 Rxc4 27. Bc5 Rxc5 28. bxc5 Qxc5 29. Rac1 Qd6 30. Qd4 Kg8 31. Qxa7 1-0

[Event "LSS SC-2010-0-00069"]
[Site "LSS email"]
[Date "2010.08.14"]
[Round "?"]
[White "Steinert, Martin"]
[Black "Manheimer, Gunter"]
[Result "0-1"]
[WhiteElo "1674"]
[BlackElo "1781"]
[PlyCount "70"]
[EventDate "2010.07.22"]
[EventType "tourn (corr)"]
[EventRounds "6"]
[EventCountry "GER"]
[SourceTitle "Telechess CBM 143"]
[Source "ChessBase"]
[SourceDate "2011.07.15"]
[SourceVersion "1"]
[SourceVersionDate "2011.07.15"]
[SourceQuality "1"]

1. d4 Nf6 2. c4 g6 3. Nc3 Bg7 4. e4 d6 5. f4 0-0 6. Nf3 c5 7. d5 e6 8. Be2 exd5 9. e5 Ne4 10. Nxd5 dxe5 11. fxe5 Nc6 12. Qc2 f5 13. exf6 Nxf6 14. 0-0 Bf5 15. Qb3 Re8 16. Bg5 Rxe2 17. Qxb7 Na5 18. Qb5 Be4 19. Rad1 Bxd5 20. cxd5 Re4 21. Qxc5 Nc4 22. b3 Nb6 23. d6 Qd7 24. Ne5 Qe6 25. Nc6 Rf8 26. Qb5 h6 27. Bc1 Nfd5 28. Qd3 Re8 29. Bd2 Qxd6 30. Nxa7 Rd4 31. Nb5 Rxd3 32. Nxd6 Re2 33. Ba5 Bd4+ 34. Kh1 Rxd1 35. Rxd1 Rxa2 0-1

[Event "LSS SC-2010-0-00069"]
[Site "LSS email"]
[Date "2010.08.13"]
[Round "?"]
[White "Korinek, Jaroslav"]
[Black "Manheimer, Gunter"]
[Result "0-1"]
[WhiteElo "1713"]
[BlackElo "1803"]
[PlyCount "108"]
[EventDate "2010.07.22"]
[EventType "tourn (corr)"]
[EventRounds "6"]
[EventCountry "GER"]
[SourceTitle "Telechess CBM 143"]
[Source "ChessBase"]
[SourceDate "2011.07.15"]
[SourceVersion "1"]
[SourceVersionDate "2011.07.15"]
[SourceQuality "1"]

1. e4 e5 2. Nf3 Nc6 3. Bb5 a6 4. Ba4 Nf6 5. 0-0 Be7 6. Re1 b5 7. Bb3 0-0 8. c3 d6 9. d4 Bg4 10. Be3 exd4 11. cxd4 Na5 12. h3 Nxb3 13. axb3 Bh5 14. Nc3 b4 15. Nd5 Nxd5 16. exd5 a5 17. Qe2 f5 18. Bf4 Bf6 19. Qc4 Bxf3 20. gxf3 Bg5 21. Bh2 f4 22. Re4 Qd7 23. Kg2 Rf5 24. Rc1 Bh4 25. Bxf4 Raf8 26. Be3 Bd8 27. f4 Rh5 28. Re6 Qf7 29. Qd3 Rxd5 30. Qe4 Rh5 31. Kh2 d5 32. Qf3 Qxe6 33. Qxh5 g6 34. Qg4 Rf5 35. Re1 Qf7 36. Rc1 Qf6 37. Qe2 Qe6 38. Qg4 c6 39. Kg3 h5 40. Qf3 Qf6 41. Kg2 Bc7 42. Rc5 Kg7 43. Qg3 Bxf4 44. Bxf4 Rxf4 45. Rxc6 Rxf2+ 46. Qxf2 Qxc6 47. h4 Qf6 48. Qe3 Qxh4 49. Qe5+ Kh7 50. Qxd5 Kh6 51. Qc4 Qe4+ 52. Kf2 h4 53. Qc5 g5 54. d5 h3 0-1

[Event "LSS SC-2010-0-00069"]
[Site "LSS email"]
[Date "2010.08.13"]
[Round "?"]
[White "Manheimer, Gunter"]
[Black "Nicolaescu, Nicolae"]
[Result "1-0"]
[WhiteElo "1855"]
[BlackElo "1574"]
[PlyCount "47"]
[EventDate "2010.07.22"]
[EventType "tourn (corr)"]
[EventRounds "6"]
[EventCountry "GER"]
[SourceTitle "Telechess CBM 143"]
[Source "ChessBase"]
[SourceDate "2011.07.15"]
[SourceVersion "1"]
[SourceVersionDate "2011.07.15"]
[SourceQuality "1"]

1. d4 Nf6 2. c4 g6 3. Nc3 Bg7 4. e4 d6 5. Nf3 0-0 6. Be2 e5 7. 0-0 Nc6 8. d5 Ne7 9. b4 a5 10. Ba3 axb4 11. Bxb4 Nd7 12. a4 Bh6 13. a5 f5 14. Bd3 Nf6 15. c5 fxe4 16. Nxe4 Nxe4 17. Bxe4 Bf5 18. Re1 Rf7 19. Bc3 Bxe4 20. Rxe4 Rf4 21. Rxf4 Bxf4 22. g3 Bh6 23. Qb3 Rb8 24. Bxe5 1-0

[Event "LSS SC-2010-0-00069"]
[Site "LSS email"]
[Date "2010.08.13"]
[Round "?"]
[White "Manheimer, Gunter"]
[Black "Salazar Moran, Alejandro Fortunato"]
[Result "1-0"]
[WhiteElo "1886"]
[BlackElo "1503"]
[PlyCount "27"]
[EventDate "2010.07.22"]
[EventType "tourn (corr)"]
[EventRounds "6"]
[EventCountry "GER"]
[SourceTitle "Corr 2013"]
[Source "ChessBase"]
[SourceDate "2012.11.12"]
[SourceVersion "1"]
[SourceVersionDate "2012.11.12"]
[SourceQuality "1"]
[WhiteTeam "US of America"]
[BlackTeam "US of America"]
[WhiteTeamCountry "USA"]
[BlackTeamCountry "USA"]

1. d4 d5 2. c4 c6 3. Nf3 dxc4 4. e3 b5 5. a4 e6 6. axb5 cxb5 7. b3 Bb4+ 8. Bd2 Bxd2+ 9. Nbxd2 a5 10. Ne5 Nf6 11. bxc4 b4 12. Be2 0-0 13. Bf3 Qc7 14. Bxa8 1-0

[Event "LSS SC-2010-0-00069"]
[Site "LSS email"]
[Date "2010.08.13"]
[Round "?"]
[White "Tsuprik, Aleksandr"]
[Black "Manheimer, Gunter"]
[Result "0-1"]
[WhiteElo "1575"]
[BlackElo "1777"]
[PlyCount "54"]
[EventDate "2010.07.22"]
[EventType "tourn (corr)"]
[EventRounds "6"]
[EventCountry "GER"]
[SourceTitle "Telechess CBM 143"]
[Source "ChessBase"]
[SourceDate "2011.07.15"]
[SourceVersion "1"]
[SourceVersionDate "2011.07.15"]
[SourceQuality "1"]

1. e4 e5 2. Nf3 Nc6 3. Bc4 Bc5 4. 0-0 Nf6 5. d3 d6 6. h3 a6 7. c3 0-0 8. Bb3 Re8 9. Nbd2 Be6 10. Bc2 h6 11. Re1 d5 12. Qe2 Qd7 13. Nf1 Rad8 14. Ng3 Ba7 15. Kh2 b5 16. Be3 dxe4 17. dxe4 Bc4 18. Qd1 Bxe3 19. Rxe3 Qxd1 20. Rxd1 Rxd1 21. Bxd1 Bxa2 22. b3 Bb1 23. Re2 a5 24. Rb2 Bxe4 25. Nxe4 Nxe4 26. c4 bxc4 27. bxc4 Nc3 0-1